Intimidades de la alta diplomacia: manual del moderno diplomático

Bewaard in:
Bibliografische gegevens
Hoofdauteur: Macomber, William B. (autor)
Formaat: Boek
Taal:Spaans
Gepubliceerd in: Ciudad de México Editores Asociados 1977
Reeks:Didáctica Moderna
Onderwerpen:
Tags: Voeg label toe
Geen labels, Wees de eerste die dit record labelt!

MARC

LEADER 00000nam a2200000 a 4500
001 UCT8713
003 CL-VaPUC
008 970326e19770000MX |||||||||||||||||spa|d
082 0 4 |a 327.2  |b MAC  |2 21 
100 |a Macomber, William B.  |e autor  |9 380670 
245 1 0 |a Intimidades de la alta diplomacia: manual del moderno diplomático 
300 |a 237 p 
942 |c BK 
945 |d 19970326 00:00:00  |a paguirre 
260 |a Ciudad de México  |b Editores Asociados  |c 1977 
650 0 |a Diplomacia  |9 256483 
650 7 |a PRIVILEGIOS E INMUNIDADES  |2 CL-VaPUC  |9 320798 
650 0 |a Negociaciones internacionales  |9 358691 
650 0 |a Relaciones Internacionales  |9 255740 
650 0 |a Política internacional  |9 255813 
583 |a last modification  |c 19970326 00:00:00  |k Rodrigo Vera 
490 0 |a Didáctica Moderna 
999 |c 257199  |d 257197 
952 |0 0  |1 0  |4 0  |6 327_200000000000000_MAC_1977  |7 0  |8 A  |9 280476  |a BIBDER  |b BIBDER  |d 2019-11-19  |i 1815717  |o 327.2 MAC 1977  |p 1815717  |r 2023-01-25  |w 2019-11-19  |y BK  |k DER 
952 |0 0  |1 0  |4 0  |6 327_200000000000000_MAC_1977  |7 0  |8 A  |9 280477  |a BIBDER  |b BIBDER  |d 2019-11-19  |i 328946K  |o 327.2 MAC 1977  |p 328946K  |r 2023-01-25  |w 2019-11-19  |y BK  |k DER